Score 0/12 Timer 01:00
3 Plays Today
% Correct
United States
95.2%
Germany
92.7%
United Kingdom
92.6%
Russia
86.5%
Netherlands
77.8%
Italy
75.4%
Mauritania
72.1%
South Africa
67.7%
Switzerland
49.8%
Belgium
45.4%
China
41.6%
India
39.5%

Today's Daily Dose

You're not logged in!

Compare scores with friends on all Sporcle quizzes.
OR
Log In

Sporcle TV

Today on Sporcle TV


Watch our educational content, quiz creation guides, and fun videos on Sporcle TV.

Show Comments

Extras

Top Quizzes Today


Score Distribution

Paid Content

Your Account Isn't Verified!

In order to create a playlist on Sporcle, you need to verify the email address you used during registration. Go to your Sporcle Settings to finish the process.

Report this User

Report this user for behavior that violates our Community Guidelines.

Details: